00843cim a22002533a 4500001000500000005001700005020001800022040001800040050001400058082001000072100001800082245006100100250005700161260003500218300005900253500007200312500002900384500001800413505000800431520007700439521002000516521002000536650003300556293920260317133540.0 a9780439773751 aDLCcDLCbeng00aPZ73.O663 a398.2 aOrihuela, Luz00aCaperucita roja little red riding hoodcby Orihuela, Luz aFirst Scholastic bilingual printing , September 2005 aNew York :bScholastic ,c2004 a22 unnumbered pages :bcolor illustrations ;c21 cm .  aStories for children, recited first in Spanish and then in English. aRecordable compact disc. aBrief record. aI  aRetells the fairy tale of Little Red Riding Hood in Spanish and English. a430 bLexile  aI bRaz-Plus  0aBilingual Spanishvfolktales